Разработка инструментального средства построения интеллектуальных объектно-ориентированных моделей для поддержки принятия решений; Известия Томского политехнического университета [Известия ТПУ]; Т. 309, № 7
| Parent link: | Известия Томского политехнического университета [Известия ТПУ]/ Томский политехнический университет (ТПУ).— , 2000- Т. 309, № 7.— 2006.— [С. 165-169] |
|---|---|
| Autore principale: | |
| Altri autori: | , |
| Riassunto: | Заглавие с титульного листа Электронная версия печатной публикации Предложена архитектура и реализация информационной системы для поддержки принятия решений на основе объектно-ориентированных моделей и функциональных зависимостей атрибутов. Показана возможность интеграции в модель различных методов искусственного интеллекта. |
| Lingua: | russo |
| Pubblicazione: |
2006
|
| Serie: | Технические науки |
| Soggetti: | |
| Accesso online: | http://www.lib.tpu.ru/fulltext/v/Bulletin_TPU/2006/v309/i7/36.pdf |
| Natura: | MixedMaterials Elettronico Capitolo di libro |
| KOHA link: | https://koha.lib.tpu.ru/cgi-bin/koha/opac-detail.pl?biblionumber=171808 |
MARC
| LEADER | 00000nla2a2200000 4500 | ||
|---|---|---|---|
| 001 | 171808 | ||
| 005 | 20231031164056.0 | ||
| 035 | |a (RuTPU)RU\TPU\book\186281 | ||
| 035 | |a RU\TPU\book\186275 | ||
| 090 | |a 171808 | ||
| 100 | |a 20091208d2006 k y0rusy50 ca | ||
| 101 | 0 | |a rus | |
| 102 | |a RU | ||
| 135 | |a drnn ---uucaa | ||
| 181 | 0 | |a i | |
| 182 | 0 | |a b | |
| 200 | 1 | |a Разработка инструментального средства построения интеллектуальных объектно-ориентированных моделей для поддержки принятия решений |b Электронный ресурс |f Г. В. Стародубцев, М. П. Силич, В. А. Силич | |
| 203 | |a Текст |c электронный | ||
| 215 | |a 1 файл (411 Кб) | ||
| 225 | 1 | |a Технические науки | |
| 230 | |a Электронные текстовые данные (1 файл : 411 Кб) | ||
| 300 | |a Заглавие с титульного листа | ||
| 300 | |a Электронная версия печатной публикации | ||
| 320 | |a [Библиогр.: с. 169 (11 назв.)] | ||
| 330 | |a Предложена архитектура и реализация информационной системы для поддержки принятия решений на основе объектно-ориентированных моделей и функциональных зависимостей атрибутов. Показана возможность интеграции в модель различных методов искусственного интеллекта. | ||
| 337 | |a Adobe Reader | ||
| 461 | 1 | |0 (RuTPU)RU\TPU\book\176237 |t Известия Томского политехнического университета [Известия ТПУ] |f Томский политехнический университет (ТПУ) |d 2000- | |
| 463 | 1 | |0 (RuTPU)RU\TPU\book\186202 |t Т. 309, № 7 |v [С. 165-169] |d 2006 |p 274 с. | |
| 610 | 1 | |a разработки | |
| 610 | 1 | |a инструментальные средства | |
| 610 | 1 | |a построение | |
| 610 | 1 | |a интеллектуальные модели | |
| 610 | 1 | |a объектно-ориентированные модели | |
| 610 | 1 | |a решения | |
| 610 | 1 | |a архитектура | |
| 610 | 1 | |a реализация | |
| 610 | 1 | |a информационные системы | |
| 610 | 1 | |a функциональные зависимости | |
| 610 | 1 | |a атрибуты | |
| 610 | 1 | |a интеграция | |
| 610 | 1 | |a методы искусственного интеллекта | |
| 610 | 1 | |a труды учёных ТПУ | |
| 610 | 1 | |a электронный ресурс | |
| 700 | 1 | |a Стародубцев |b Г. В. | |
| 701 | 1 | |a Силич |b М. П. | |
| 701 | 1 | |a Силич |b В. А. |c российский радиофизик |c профессор Томского политехнического университета |f 1946- |g Виктор Алексеевич |2 stltpush |3 (RuTPU)RU\TPU\pers\18593 | |
| 801 | 1 | |a RU |b 63413507 |c 20090623 |g PSBO | |
| 801 | 2 | |a RU |b 63413507 |c 20211110 |g PSBO | |
| 856 | 4 | |u http://www.lib.tpu.ru/fulltext/v/Bulletin_TPU/2006/v309/i7/36.pdf | |
| 942 | |c CF | ||